LEADER 00838nam0-22003011i-450- 001 990001846600403321 005 20021010 035 $a000184660 035 $aFED01000184660 035 $a(Aleph)000184660FED01 035 $a000184660 100 $a20021010d--------km-y0itay50------ba 101 0 $aita 200 1 $aOrchid collecting in Central America$fPaul C. Standley. 210 $aWashington$c...$d1925. 215 $ap. 353-377$c26 tav.$d27 cm 300 $aEstr. da: Smithsonian report, 1924 610 0 $aOrchidaceae 676 $a635.934 15 700 1$aStandley,$bPaul C.$081160 801 0$aIT$bUNINA$gRICA$2UNIMARC 901 $aBK 912 $a990001846600403321 952 $a60 MISC. B 59/13$b$fFAGBC 959 $aFAGBC 996 $aOrchid collecting in Central America$9415136 997 $aUNINA DB $aING01